00441nam a22001337a 4500008004100000082001900041100002000060245012900080250001300209260004600222300001100268365001000279650001800289200316b ||||| |||| 00| 0 eng d00a621.436bM8781 aMorrison, L. H.10aDiesel engines, operation and maintenance; a practical text on the construction, operation, and repair of heavy-duty engines a10th ed. aChicagobAmerican Technical Societyc1952 a241 p. d18.00 0aDiesel Motors